Detalles MARC
| 000 -LÍDER |
| Campo fijo de descripción fija |
02510nam a22003254i 4500 |
| 001 - NÚMERO DE CONTROL |
| Campo de control |
Rebiun09243445 |
| 003 - IDENTIFICADOR DEL NÚMERO DE CONTROL |
| Campo de control |
CO-MdFUSB |
| 005 - FECHA Y HORA DE LA ULTIMA TRANSACCIÓN |
| control field |
20181101132042.0 |
| 008 - ELEMENTOS DE LONGITUD FIJA -- INFORMACIÓN GENERAL |
| Campo fijo de descripción fija -- Información general |
981212s1974 sp 000 0 spa d |
| 020 ## - NÚMERO INTERNACIONAL NORMALIZADO PARA LIBROS |
| Número Internacional Normalizado del libro |
8485108337 |
| 040 ## - FUENTE DE CATALOGACIÓN |
| Agencia de catalogación original |
UM |
| Idioma de catalogación |
spa |
| Agencia que realiza la transcripción |
CO-MdFUSB |
| Agencia que realiza la modificación |
CO-MdFUSBC |
| Convenciones de la descripción |
rda |
| 041 ## - CÓDIGO DE IDIOMA |
| Código de idioma para texto/pista de sonido o título separado |
spa |
| 080 ## - UNIVERSAL DECIMAL CLASSIFICATION NUMBER |
| Universal Decimal Classification number |
224.01 |
| 080 ## - UNIVERSAL DECIMAL CLASSIFICATION NUMBER |
| Universal Decimal Classification number |
224.1.01 |
| 082 ## - NÚMERO DE CLASIFICACIÓN DECIMAL DEWEY |
| Número de la edición del Dewey |
23 |
| Número de clasificación |
224.1 |
| Clave de autor-Numero de item |
T793 |
| 100 1# - ASIENTO PRINCIPAL--NOMBRE PERSONAL |
| Nombre personal |
Trenchard, Ernesto |
| Término relacionador |
autor |
| 245 00 - TÍTULO |
| Título del Material |
Introducción a los libros proféticos e Isaías |
| Mención de responsabilidad, etc. |
/ Ernesto Trenchard. |
| 246 ## - FORMA VARIANTE DEL TITULO |
| Título propiamente dicho/forma breve del título |
Los libros proféticos : |
| Parte restante del título |
introducción general: exposición de Isaías |
| 264 #1 - PRODUCCIÓN, PUBLICACIÓN, DISTRIBUCIÓN, MANUFACTURA, Y COPYRIGHT |
| Lugar de producción, publicación, distribución, manufactura |
Madrid, España : |
| Nombre del productor, publicador, distribuidor |
Literatura Bíblica, |
| Fecha de producción, publicación, distribución, manufactura, o copyright |
℗[1974] |
| 300 ## - DESCRIPCIÓN FÍSICA |
| Extensión |
192 páginas : |
| Otros detalles físicos |
ilustraciones ; |
| Dimensiones |
20 cm |
| 336 ## - TIPO DE CONTENIDO |
| Fuente |
rdacontent |
| Término de tipo de contenido |
texto |
| Código de tipo de contenido |
txt |
| 337 ## - TIPO DE MEDIO |
| Fuente |
rdamedia |
| Nombre del tipo de medio |
sin mediación |
| Código del tipo de medio |
n |
| 338 ## - TIPO DE SOPORTE |
| Fuente |
rdacarrier |
| Nombre del tipo de soporte |
volumen |
| Código Tipo de soporte |
nc |
| 490 ## - MENCIÓN DE SERIE |
| Mención de serie |
Cursos de estudio bíblico |
| 505 ## - NOTA DE CONTENIDO |
| Título |
Introducción a los libros proféticos |
| Nota de contenido con formato preestablecido |
Capítulo 1. La revelación divina y la profecía -- Capítulo 2. Los profetas: su inspiración y métodos -- Capítulo 3. El tema mesiánico -- Capítulo 4. Los grandes temas proféticos |
| 505 ## - NOTA DE CONTENIDO |
| Título |
El libro de Isaías |
| Nota de contenido con formato preestablecido |
Capítulo 1. Introducción -- Capítulo 2. El análisis del libro -- Capítulo 3. (Comentario sobre el texto) El fracaso de Jerusalén 1:1-31 -- Capítulo 4. El reino de Dios y los pecados de Jerusalén 2:1-4:6 -- Capítulo 5. La viña de Israel y el llamamiento de Isaías 5:1-6:13 -- Capítulo 6. El libro de Emanuel 7:1-9:7 -- Capítulo 7. Los dos imperios: el Asirio y el de Mesías 9:8-12:6 -- Capítulo 8. Los pecados y el juicio a las naciones gentiles (caps. 13-23) -- Capítulo 9. El día de Jehová y la salvación del pueblo (cap.s 24 a 27) -- Capítulo 10. Castigo y restauración de Israel (caps. 28 a 35) -- Capítulo 11. El paréntesis histórico (caps. 36-39) -- Capítulo 12. Los dos siervos y su obra (caps. 40 a 66) -- Capítulo 13. El juicio contra babilonia (caps. 45 a 48) -- Capítulo 14. El siervo de Jehová (caps. 49 a 57) -- Capítulo 15. El pregón de la liberación 51:1-52:12 -- Capítulo 16. El precio del perdón 52:13-53:12 -- Capítulo 17. La anticipación del evangelio (caps. 54 y 55) -- Capítulo 18. Amonestaciones y promesas (caps 56 y 57) -- Capítulo 19. Obstáculos que impiden la manifestación del poder de Dios (caps 58 y 59) -- Capítulo 20. El fin glorioso de la obra de Dios (caps. 60 a 66) |
| 563 ## - NOTA DE ENCUADERNACIÓN |
| Nota de encuadernación |
Tapa rústica |
| 630 #7 - TITULO UNIFORME |
| Título uniforme |
Biblia |
| Nombre de parte o sección de la obra |
Isaías |
| Subdivisión de materia general |
Crítica, interpretación, etc. |
| 942 ## - TIPO DE MATERIAL (KOHA) |
| Tipo de Item KOHA |
Libros General |